000 00248nam a2200097Ia 4500
001 1074769
005 20250827002226.0
008 250824s9999 xx 000 0 und d
245 0 _aENDÜLÜS ALİMLERİ
_cLÜTFİ ŞEYBAN
260 _bKETEBE YAYINLARI
999 _c1074769
_d1074769